Normal view
MARC view
- Business communication
Entry Topical Term
001 - CONTROL NUMBER
- control field: 21915
003 - CONTROL NUMBER IDENTIFIER
- control field: NUST
005 - DATE AND TIME OF LATEST TRANSACTION
- control field: 20190928162816.0
008 - FIXED-LENGTH DATA ELEMENTS
- fixed length control field: 190928|| aca||aabn | a|a d
040 ## - CATALOGING SOURCE
- Original cataloging agency: NUST
- Transcribing agency: NUST
150 ## - HEADING--TOPICAL TERM
- Topical term or geographic name entry element: Business communication
- Geographic subdivision: United States
- General subdivision: Case studies.
670 ## - SOURCE DATA FOUND
- Source citation: Work cat.: (NUST)0: Thill, John V. 21914, Excellence in business communication /, c1996.
